| 000 | 00635nam a2200217 a 4500 | ||
|---|---|---|---|
| 001 | 64503 | ||
| 003 | BD-RjUL | ||
| 005 | 20211209081321.0 | ||
| 008 | 170215s1954 e ||||| |||| 001 0 eng d | ||
| 035 | _a(BD-RjUL) 64633 | ||
| 040 |
_aBD-RjUL _beng _cBD-RjUL _dBD-RjUL |
||
| 041 | _aeng | ||
| 082 |
_223 _a972.8105 _bJAR 1954 |
||
| 100 |
_aJames, Daniel _9191347 |
||
| 245 | 1 | 0 |
_aRed design for the Americas Guatemalan prelude / _cDaniel James |
| 260 |
_aNew York : _b Day, _c 1954 |
||
| 300 |
_a347 p. ; _c24 cm. |
||
| 500 | _aInclude index | ||
| 650 |
_aGuatemala -- Politics and government -- 1945-1985. _9191348 |
||
| 942 |
_2ddc _cBK |
||
| 999 |
_c64503 _d64503 |
||